Geography How Many - Statistics

General Stats
  • This quiz has been taken 213 times
    199 since last reset
  • The average score is 6 of 15
Answer Stats
Question Answer % Correct
Island nations in the Mediterranean Sea 2
63%
U.S. states that start with "New" 4
63%
Main islands of Japan 4
63%
Capitals on the river Danube 4
63%
Capital cities that start with the letter Z 1
50%
Monarchs in Africa 2
50%
Jewish states 1
38%
Official languages of South Africa 11
38%
United Nations members 193
38%
Countries with a population over 50 million 28
38%
Australian states 6
38%
South American countries 11
25%
Volcanoes of Indonesia 76
25%
Main seas of Turkey 4
13%
Countries that border the Baltic Sea 9
13%
No matching quizzes found
Score Distribution
Percent of People with Each Score
Percentile by Number Answered
Your Score History
You have not taken this quiz since the last reset